000 01200nam a22002897a 4500
001 36084
003 BD-RjUL
005 20211209052430.0
008 170314s1967 pk ||||| |||| 00| 0 eng d
020 _c: PRs. 2.50
035 _a(BD-RjUL)36181
040 _aBD-RjUL
_beng
_cBD-RjUL
041 _aeng
082 _a304.609549021
_bPAP 1967 (CBN7)
110 _aPakistan.
_bIslamabad.Census Organization (Home Affairs Division). Ministry of Home & Kashmir Affairs.
_9195428
245 1 0 _aProjections of population of Pakistan, 1961-1981:
_bCensus Bulletin No. 7 /
_cPakistan.Islamabad.Census Organization (Home Affairs Division). Ministry of Home & Kashmir Affairs; Abdul Kader Faquir ... [et al.]
246 _aPopulation census of of Pakistan, 1961:
_bCensus Bulletin No. 7
260 _aKarachi:
_bManager of Publications,
_c1967.
300 _axi, 85 p. :
_bill. ;
_c25 cm.
490 _aCensus bulletin ;
_vNo. 7
651 _zPakistan
_vStatistics.
_9195429
651 _zPakistan
_vCensus, 1961.
_9194424
700 _aFaquir, Abdul Kader ... [et al.]
_9195430
710 _aCensus Organization (Pakistan)
_9186435
830 _aCensus bulletin ;
_vNo. 7
_9195431
942 _2ddc
_cRAR
999 _c36084
_d36084